Obálka Náhled e-knihy:
PDF Epub
Pro půjčování e-knih musíte být přihlášeni.
Jak si půjčit online?

Phobos. 2, Odchýlení /

Druhý díl young adult sci-fi francouzského autora, který své hrdiny nechává odhalovat hrozivá tajemství, objevovat hranice snahy o přežití a zažívat první lásku.

Uloženo v:
Série:Phobos, část 2
Hlavní autor: Dixen, Victor, 1979- (Autor)
Další autoři: Lurfová, Maria (Autor)
Médium: E-kniha
Jazyk:Czech
Vydáno: Praha : Dobrovský s.r.o., 2024
Edice:King Cool
Témata:
Příbuzné jednotky:Z cyklu:: Phobos
Tagy:
Žádné tagy
LEADER 03070nam a2200577 i 4500
001 312342
003 CZ PrSKC
005 20260601215721.0
007 ta
008 240321s2024 xr a d 000 f cze
015 |a cnb003476653 
020 |a 9788027720071  |q (brožováno) 
035 |a (OCoLC)1438774349 
040 |a ABG001  |b cze  |d OLA001  |e rda 
041 1 |a cze  |h fre 
072 7 |a 821.133.1-3  |x Francouzská próza, francouzsky psaná  |2 Konspekt 
072 7 |a 821-93  |x Literatura pro děti a mládež (beletrie)  |2 Konspekt 
080 |a 821.133.1-31  |2 MRF 
080 |a 821-93-053.67  |2 MRF 
080 |a 821-93  |2 MRF 
080 |a (0:82-311.9)  |2 MRF 
100 1 |a Dixen, Victor,  |d 1979-  |7 xx0278320  |4 aut 
240 1 0 |a Distortion.  |l Česky 
245 1 0 |a Phobos.  |n 2,  |p Odchýlení /  |c Victor Dixen ; přeložila Maria Lurfová 
246 3 0 |a Odchýlení 
264 1 |a Praha :  |b Dobrovský s.r.o.,  |c 2024 
300 |a 398 stran :  |b ilustrace ;  |c 20 cm 
336 |a text  |b txt  |2 rdacontent 
337 |a bez média  |b n  |2 rdamedia 
338 |a svazek  |b nc  |2 rdacarrier 
490 1 |a King Cool 
500 |a Přeloženo z francouzštiny 
520 2 |a Druhý díl young adult sci-fi francouzského autora, který své hrdiny nechává odhalovat hrozivá tajemství, objevovat hranice snahy o přežití a zažívat první lásku.  |b Šest dívek a šest chlapců na cestě vesmírem. Doufají, že na ně na Marsu čeká sláva a láska. Soutěžící věřili, že mají osud ve svých rukách. Dvanáct průkopníků života na Marsu obětovalo vše pro to, aby se stali hrdiny největšího dobrodružství v dějinách lidstva. Ve skutečnosti se stali obětmi krutého podvodu. Léonor si chtěla účastí v programu Genesis vydobýt slávu. Myslela si, že má své city plně pod kontrolou. Potom ale dala do hry celé své srdce. A otevřela tím Pandořinu skříňku minulosti. Některé rány ani čas zhojit nedokáže. Bolestné vzpomínky neblednou. Nakladatelská anotace. Kráceno. 
546 |a Český text 
655 7 |a francouzské romány  |7 fd132289  |2 czenas 
655 7 |a vědecko-fantastické romány  |7 fd133847  |2 czenas 
655 7 |a literatura young adult  |7 fd1185572  |2 czenas 
655 7 |a publikace pro mládež  |7 fd133157  |2 czenas 
655 9 |a French fiction  |2 eczenas 
655 9 |a science fiction novels  |2 eczenas 
655 9 |a young adult literature  |2 eczenas 
655 9 |a juvenile literature  |2 eczenas 
700 1 |a Lurfová, Maria  |7 jo20231204029  |4 trl 
765 1 |t Phobos 
787 0 8 |i Z cyklu:  |t Phobos  |g 2 
830 0 |a King Cool 
900 |a ABA001  |b 21 
044 |a xr 
910 |a RBIT002 
998 |d 401712  |a https://core.palmknihy.cz/api/books/401712/cover?sb04pp  |b https://core.palmknihy.cz/api/books/401712/cover/400?sb04pp  |c https://core.palmknihy.cz/api/books/401712/cover/50?sb04pp  |e 2032-06-07  |g 408  |i 9788027720071  |j https://core.palmknihy.cz/api/books/401712/preview.epub  |k https://core.palmknihy.cz/api/books/401712/preview.pdf  |l   |q 49  |r 1  |s https://www.palmknihy.cz/kniha/401712  |t ebook  |y 2024  |z 0  |v Phobos  |w 2 
999 |d 312340